Operasi unit dalam pemprosesan makanan

Bibliographic Details
Main Author: Earle, R.L
Format: Book
Published: Kuala Lumpur : DBP , 1993
Subjects:

MARC

LEADER 00000cam a2200000 7i4500
001 0000003406
002 000003674
005 20000330.0
020 |a 9838610321 
090 0 0 |a 664.02   |b EAR 
100 1 |a Earle, R.L 
245 1 0 |a Operasi unit dalam pemprosesan makanan   |c R.L Earle penterjemah oleh Muhamad Hakimi Ibrahim 
260 |a Kuala Lumpur :   |b DBP ,   |c 1993 
300 |a 232p. ;   |c 24cm. 
650 0 0 |a Food industry and trade 
999 |a 036878   |b BUKU   |c PINJAMAN   |e PERPUSTAKAAN KOMUNITI PETALING JAYA